Statistics for History of Switzerland

Click here to take the quiz!

General Stats

  • This quiz has been taken 63 times
  • The average score is 12 of 24

Answer Stats

YearHintAnswer% Correct
1506This small army unit starts protecting the popePapal Swiss Guard
81%
1191This newly-founded city is (allegedly) named after a bearBern
79%
2003This tennis player wins the first of his 20 Grand Slam titlesRoger Federer
77%
1856Credit Suisse, this type of institution, is established in Züricha bank
75%
1938This language is made officialRomansh
75%
1971This people group is given the right to votewomen
75%
1804Friedrich Schiller writes this legendary drama about a Swiss marksman
and folk hero who shot an apple off the head of his son
William Tell
70%
1564This theologian and reformer who rejected papal authority dies in GenevaJohn Calvin
64%
1815This principle of foreign policy which hasn't been changed ever since is adoptedneutrality
62%
1860Henry Dunant co-founds this humanitarian movementRed Cross
62%
2002This national airline goes bankruptSwissair
58%
1954Germany unexpectedly wins this tournament in BernFIFA World Cup
57%
1315In a decisive victory, Swiss defeat this superpower at Morgartenthe Habsburgs
53%
1798Napoleon establishes this puppet government{Helvetic} Republic
42%
2009The construction of this type of Islamic architecture becomes prohibited by lawminarets
40%
1693This religion nowadays known for a simple lifestyle find its beginnings in SwitzerlandAmish
38%
1707This famous mathematician is born in BaselLeonhard Euler
36%
1882The opening of this mountain rail line brings the era of alpine postcoaches to an endGotthard line
32%
1648Switzerland is granted independence in this treatyPeace of {Westphalia}
30%
1979This rebellious canton coins the ConfederationJura
25%
1291According to tradition, this event marks the beginning of the Swiss confederacyRütli {oath}
21%
1847This civil war marks the last military conflict on Swiss territory{Sonderbund} War
17%
1848The transformation into a federal state culminates in the record of thisa Constitution
15%
c. 450 BCThis greek-influenced Celtic culture flourishes in present-day Switzerland{La} {Tène} culture
8%

Score Distribution

Percentile by Number Answered

Percent of People with Each Score

Your Score History

You have not taken this quiz